000
00292nam a2200133Ia 4500
100
_a
Arustamov/Kh.A
942
_c
BK
654
_a
geometry
245
_a
Problems in descriptive geometry
260
_b
Mir Publishers
_a
Moscow
_c
1974
082
_a
516.3
300
_a
408
546
_a
ENGLISH
999
_c
32948
_d
32948